| 000 | 01071nam a2200253Ia 4500 | ||
|---|---|---|---|
| 999 |
_c56007 _d56007 |
||
| 001 | 23107 | ||
| 003 | GE_BSU | ||
| 005 | 20230712110147.0 | ||
| 008 | 181216s1952||||ge |||||||||||||| ||geo|| | ||
| 040 | _cGE_BSU | ||
| 041 | _ageo | ||
| 080 | _a821.111-193.3 შ-56 | ||
| 100 |
_aშექსპირი, უილიამ _919260 |
||
| 245 |
_aსონეტები / _cინგლ. თარგმ. გივი გაჩეჩილაძის მიერ ; რედ. ო. ჩხეიძე. |
||
| 264 |
_aთბილისი : _bსახელგამი, _c1952. |
||
| 300 |
_a192 გვ. ; _c18 სმ. |
||
| 500 | _aგაშლილი თავფურცელი ინგლისურ ენაზე | ||
| 520 | _aგაშლ. თავფურც. ინგლ. ენ. | ||
| 541 | _h6ლ. 80თ. | ||
| 653 | _aსონეტები | ||
| 700 |
_aგაჩეჩილაძე, გივი _eმთარგმნელი _95703 |
||
| 700 |
_a ჩხეიძე, ო. _eრედაქტორი _919261 |
||
| 942 |
_cBK _2udc |
||